000 01631cam a2200157 4500500
005 20260405022509.0
041 _afre
042 _adc
100 1 0 _aTribou, Gary
_eauthor
700 1 0 _aDermit, Nadine
_eauthor
700 1 0 _aMahmoudi, Ramin
_eauthor
245 0 0 _aManagement du sport : Marketing et gestion des clubs sportifs
260 _bDunod,
_c2025.
520 _aSecteur stratégique aux moyens limités, le sport s’est hissé au rang d’acteur majeur en intégrant les outils du management moderne, adaptés à ses enjeux singuliers. De la gestion budgétaire du Paris Saint-Germain à l’image du Stade Français, en passant par les transferts de joueurs et l’engagement des bénévoles, cet ouvrage offre une vision complète du management des clubs sportifs. À travers une analyse approfondie des marchés du sport, il explore le fonctionnement des clubs amateurs et professionnels et détaille successivement:• la stratégie marketing des clubs, notamment en matière d’innovation ;• leur communication et leur politique de sponsoring ;• la gestion des ressources humaines, intégrant salariés et bénévoles ;• les outils d’analyse financière et de contrôle de gestion.Entièrement remaniée, cette 6e édition intègre les dernières évolutions réglementaires et sectorielles. Riche en exemples concrets, études de cas et témoignages, elle constitue une ressource essentielle pour comprendre et maîtriser les enjeux du management sportif.
856 4 1 _uhttps://shs.cairn.info/management-du-sport--9782100878154?lang=fr&redirect-ssocas=7080
999 _c2132480
_d2132480